MDQL
is popping MORE tags! Check the
thread
!
Quizzes
Events
Quiz Creation
Community
Videos
Private Events
Remove Ads
Sign In
Join for FREE
Feedback
Dark Mode
Quiz Categories
Sports
Geography
Music
Movies
Television
Just For Fun
Miscellaneous
History
Literature
Language
Science
Gaming
Entertainment
Religion
Holiday
For Kids
Quiz Lab
Recent
Popular Today
Quiz Kudos Today
Editor Picks
Curator Picks
Quizzes by...
Day
Popularity
Type
Ratings
Length
Year
Community
Subscriptions
Recent Discussions
Orange Saloon
Badges
Playlists
Quests
Create
Leaderboards
Showdown
Live 5
Trivia Bingo
Activity
Puzzle Library
Sporcle Events
Private Events
Virtual Trivia
Globe League
Become a Host
Pub Owners
SporcleCon
Opinionation
Our Games
Videos
Blog
Mobile Apps
Partnerships
Remove Ads and Go Orange
Feedback
Sports
Athletes
MLB
NBA
NHL
NFL
Soccer
Sports Teams
WWE
NCAA
Football
Premier League
Basketball
Baseball
Hockey
Golf
Tennis
Cricket
Rugby
Auto Racing
Olympics
World Cup
Sports
Athletes
MLB
NBA
NHL
NFL
Soccer
Sports Teams
WWE
NCAA
Football
Premier League
Basketball
Baseball
Hockey
Golf
Tennis
Cricket
Rugby
Auto Racing
Olympics
World Cup
Random Quiz
Search Sporcle
×
Quiz Lab
Quiz Lab
Sports
franchise
Type in answers that appear in a list
Type in answers that appear in a list
Classic
Best Score? Go Orange.
Team Original Locations Stats
Can you name the original homes of these relocated sports franchises?
By
andrew430
8m
39 Questions
416 Plays
416 Plays
416 Plays
Comments
Comments
Give Quiz Kudos
Give Quiz Kudos
-
- Ratings
hide this ad
Forced Order
Answers have to be entered in order
Answers have to be entered in order
Replay
Link that replays current quiz
Next Quiz
Link to next quiz in quiz playlist
You Got
0%
They Got
Avg Score
58%
Avg Friend Score
Upgrade to see
Score Distribution
Jump to the score distribution portion of the page
Score
0/39
Timer
08:00
0
Plays Today
Current Name (League)
Original Location
% Correct
Los Angeles Dodgers (MLB)
Brooklyn
89.6%
San Francisco Giants (MLB)
New York
87.5%
Washington Nationals (MLB)
Montreal
87%
Utah Jazz (NBA)
New Orleans
83.4%
Oklahoma City Thunder (NBA)
Seattle
82.9%
Dallas Stars (NHL)
Bloomington, MN
82.2%
Atlanta Braves (MLB)
Boston
81.9%
Indianapolis Colts (NFL)
Baltimore
81.7%
Memphis Grizzlies (NBA)
Vancouver
81.2%
Oakland Athletics (MLB)
Philadelphia
80%
Tennessee Titans (AFL/
NFL)
Houston
77.1%
New Orleans Hornets (NBA)
Charlotte
75.2%
Calgary Flames (NHL)
Atlanta
73%
Colorado Avalanche (WHA/
NHL)
Quebec City
72.8%
Phoenix Coyotes (WHA/
NHL)
Winnipeg
72.3%
Texas Rangers (MLB)
Washington
69.4%
Minnesota Twins (MLB)
Washington
69.2%
Milwaukee Brewers (MLB)
Seattle
64.1%
New York Yankees (MLB)
Baltimore
57.3%
Arizona Cardinals (NFL)
Chicago
56.4%
Current Name (League)
Original Location
% Correct
Detroit Pistons (NBL/
NBA)
Fort Wayne, IN
54%
San Diego Chargers (AFL/
NFL)
Los Angeles
53.3%
Golden State Warriors (NBA)
Philadelphia
52.8%
Kansas City Chiefs (AFL/
NFL)
Dallas
52.3%
Philadelphia 76ers (NBA)
Syracuse, NY
50.6%
Los Angeles Cilppers (NBA)
Buffalo
48.2%
Washington Redskins (NFL)
Boston
47.2%
New Jersey Devils (NHL)
Kansas City, MO
45.5%
San Antonio Spurs (ABA/
NBA)
Dallas
42.2%
Chicago Bears (NFL)
Decatur, IL
40.7%
Houston Rockets (NBA)
San Diego
39.3%
St. Louis Rams (AFL-
1936/
NFL)
Cleveland
38.8%
Carolina Hurricanes (WHA/
NHL)
Boston
35.2%
Sacramento Kings (NBL/
NBA)
Rochester, NY
34.9%
Baltimore Orioles (MLB)
Milwaukee
30.8%
Detroit Lions (NFL)
Portsmouth, OH
30.8%
Washington Wizards (NBA)
Chicago
24.3%
Los Angeles Lakers (NBL/
NBA)
Detroit
18.1%
Atlanta Hawks (NBL/
NBA)
Buffalo
8.9%
Quiz Playlist
Details
Report
Send in Message
Add To Playlist
Classic:
Type in answers that appear in a list
Forced Order:
Answers have to be entered in order
Last Updated: Feb 16, 2017
Quiz Scoreboard
CHALLENGE
Sign Up to Join the Scoreboard
Show All
Scores
Hide
Comments
May contain spoilers
Recently Published
1-10 Letter E Words III
by El_Dandy
Language
2m
Street Fighter Characters
by Artimus82
Gaming
60s
College Basketball Coaching Resumes
by pancakes188
Sports
9m
More to Explore
Quiz From the Vault
Featured Blog Post
Where Did the Easter Bunny Come From?
hide this ad
You Might Also Like...
Tags
franchise
home
League
location
original
Relocated
team
Today's Top Quizzes in Sports
Browse Sports
hide this ad
Today's Top Quizzes in franchise
Browse franchise
Top Contributed Quizzes in Sports
1
2022 World Cup Stars
2
Les meilleurs buteurs des matchs entre le PSG et l’OM
3
FIFA Club World Cup Champions
4
Les entraîneurs de l'OM et du PSG au 21e siècle
5
Criteria MLB: Left Handed Sluggers
6
2023 MLB Unique Player Accomplishments
7
AFC Teams Reveal (Wrong Answers Minefield)
8
Players with Multiple 50 Home Run Seasons
9
5-to-1: FBS Animal Nicknames
10
5-to-1: UK Sports Teams
Explore More
Trending Topics
Crossword
Disney
Kpop
Anime
Harry Potter
Marvel
NBA
NFL
The Office
Soccer
Song
WWE
Pokémon
Country
Puzzle
hide this ad
More By:
andrew430
Quiz
Plays
Rating
Category
Featured
Created
Rosary Mysteries
888
4.13
Religion
Sep 23, 2009
New York Islanders Goalies
696
4.50
Sports
Nov 1, 2009
NHL Jennings/Vezina Trophy
466
4.50
Sports
Sep 25, 2009
Team Original Locations
416
4.18
Sports
Sep 24, 2009
AHL Teams
190
4.00
Sports
Sep 23, 2009
Go to Creator's Profile
Score Distribution
Quiz Creator Spotlight
andrew430
Follow
Send a Message
Quizzes Created
-
Created Quiz Play Count
-
More By This Creator
Popular Quizzes Today
1
Find the US States - No Outlines Minefield
2
Find the Countries of Europe - No Outlines Minefield
3
The Countries of the World
4
Find the US States
5
Risky Map Clicking: Biggest States A-Z
6
US States
7
Popular People in 1961
8
Movies - When Are They Set?
More Sports Quizzes
AI-Generated NBA Players
Quiz Lab
Trending Quizzes
Risky Map Clicking: Least Populous States A-Z
1-10 Letter G Words
1-10 Letter F Words
Countries of the World: 200 Million BC
Risky Map Clicking: Next State Alphabetically
Recently Updated
Beyoncé Albums
pecheneg
Leaping Animals
pecheneg
Reality TV Shows (A-Z)
bhenderson79
Rickey Henderson's Hall of Fame Teammates
pecheneg
Champions League XIs: Arsenal
pecheneg
Quick Pick: Celebrities in WWE's Hall of Fame
aduchscher
A-Z Keypad Blitz II
pecheneg
Multiple Oscar Actors
pecheneg
Mystery Phrase Blitz: Oscar 'Best Actors'
pecheneg
F. Scott Fitzgerald Novels
LTH
Trending Topics
Harry Potter
Crossword
NBA
Anime
Disney
Marvel
Kpop
Song
WWE
NFL
Puzzle
The Office
Country
Pokémon
Soccer
Your Account Isn't Verified!
In order to create a playlist on Sporcle, you need to verify the email address you used during registration. Go to your
Sporcle Settings
to finish the process.
Report this User
Report this user for behavior that violates our
Community Guidelines
.
Details:
Send Report
Go to the Sporcle.com Mobile Site →
Comments